000 003210000a22001330004500
003 MACL
040 _aMACL
090 _c7129
_d7128
100 _aRanganathananda, Swami
245 _aThe Indian Ideal Of Womanhood
260 _bThe Ramakrishna Mission Institute Of Culture
_c1966
650 _aReligion
942 _cBOOK
_k294
999 _c7082
_d7082